| 000 | 01178nam a22002537a 4500 | ||
|---|---|---|---|
| 005 | 20170123164156.0 | ||
| 010 | _aB-095387 | ||
| 020 | _c140.00 | ||
| 035 | _aB-095387 | ||
| 037 | _aCen Lib / Ret | ||
| 040 |
_aDPL _bPN |
||
| 082 |
_a260.35 _bਮਹਿੰਦ |
||
| 100 |
_aਮਹਿੰਦਰ ਕੌਰ ਗਿੱਲ _946829 |
||
| 245 |
_aਸ਼ਹੀਦੀ ਤੇ ਸੰਦੇਸ਼ : _cਮਹਿੰਦਰ ਕੌਰ ਗਿੱਲ _bਪੰਚਮ ਗੁਰੂ ਅਰਜਨ ਦੇਵ / |
||
| 246 |
_aShahidi te sandesh : fifith guru arjun dev / _bby Mohinder Kaur Gill |
||
| 260 |
_aਦਿੱਲੀ _bਐਮ. ਪੀ. ਪ੍ਰਕਾਸ਼ਨ _c2004 |
||
| 270 |
_aਸ਼ੋਪ ਨੰ. 7, 12/190 ਗੀਤਾ ਕਾਲੋਨੀ _bਦਿੱਲੀ _e110031 |
||
| 300 |
_a104p. _c22(Hb) |
||
| 650 |
_aਪੰਜਾਬੀ ਸਾਹਿਤ _9131080 |
||
| 650 |
_aਪੰਜਾਬੀ ਸਾਹਿਤ - ਰੁਹਾਨੀ ਆਧਾਰਿਤ ਸਿੱਖ ਧਰਮ ਜੀਵਨ _913179 |
||
| 650 |
_aPunjabi Literature-Spiritual and Sikh religon life _913180 |
||
| 650 |
_aਪੰਜਾਬੀ -- ਧਰਮ _91301 |
||
| 942 |
_2ddc _cPN _h260.35 _mਮਹਿੰਦ |
||
| 999 |
_c110702 _d110702 |
||